[Event "Iasi op"]
[Site "Iasi"]
[Date "2014.05.13"]
[Round "4"]
[White "Ciobanu, Camelia Adriana"]
[Black "Vartopeanu, Nicolae"]
[Result "1-0"]
[WhiteElo "2179"]
[BlackElo "1766"]
[PlyCount "92"]
[EventDate "2014.05.10"]
[EventType "swiss"]
[EventRounds "9"]
[EventCountry "ROU"]
[SourceTitle "CBM 160 Extra"]
[Source "ChessBase"]
[SourceDate "2014.07.01"]
[SourceVersion "1"]
[SourceVersionDate "2014.07.01"]
[SourceQuality "1"]

1. e4 c6 2. d3 d5 3. Nd2 e5 4. Ngf3 Bd6 5. Qe2 Nd7 6. g3 Ngf6 7. Bg2 0-0 8. 0-0 Re8 9. h3 Nf8 10. a4 a5 11. Nb3 Ng6 12. Nfd2 Be6 13. Kh2 d4 14. Nc4 Bxc4 15. dxc4 c5 16. Bd2 b6 17. Nc1 h6 18. Nd3 Qc7 19. h4 Nf8 20. Bh3 Ne6 21. b3 Rf8 22. Kh1 Qe7 23. f4 Nd8 24. Rae1 Nc6 25. Qf3 Rae8 26. f5 Kh8 27. g4 Ng8 28. g5 f6 29. Rg1 Nd8 30. gxh6 gxh6 31. Rg6 Qh7 32. Qh5 Nf7 33. Reg1 Be7 34. Nf2 Rd8 35. Qg4 h5 36. Qg3 Ngh6 37. Rg7 Rg8 38. Rxh7+ Kxh7 39. Qf3 Rxg1+ 40. Kxg1 Rg8+ 41. Kf1 Bf8 42. Qxh5 Rg3 43. Ng4 Bg7 44. Kf2 Rxh3 45. Nxf6+ Bxf6 46. Qg6+ Kh8 1-0

[Event "ROM-ch"]
[Site "Baile Olanesti"]
[Date "2013.02.24"]
[Round "11"]
[White "Salageanu, Petru Gabriel"]
[Black "Vartopeanu, Nicolae"]
[Result "1/2-1/2"]
[WhiteElo "2111"]
[BlackElo "1849"]
[PlyCount "31"]
[EventDate "2013.02.16"]
[EventType "swiss"]
[EventRounds "11"]
[EventCountry "ROU"]
[SourceTitle "CBM 153 Extra"]
[Source "ChessBase"]
[SourceDate "2013.04.22"]
[SourceVersion "1"]
[SourceVersionDate "2013.04.22"]
[SourceQuality "1"]

1. e4 c6 2. Nf3 d5 3. Nc3 dxe4 4. Nxe4 Nf6 5. Nxf6+ gxf6 6. d4 Bg4 7. c3 e6 8. h3 Bh5 9. g4 Bg6 10. Nh4 Nd7 11. Bg2 f5 12. Nxg6 hxg6 13. g5 Rh5 14. f4 Bd6 15. Qf3 Qc7 16. Rf1 1/2-1/2

[Event "ROM-ch"]
[Site "Baile Olanesti"]
[Date "2013.02.23"]
[Round "10"]
[White "Vartopeanu, Nicolae"]
[Black "Miulescu, Gabriel"]
[Result "1-0"]
[WhiteElo "1849"]
[BlackElo "2161"]
[PlyCount "72"]
[EventDate "2013.02.16"]
[EventType "swiss"]
[EventRounds "11"]
[EventCountry "ROU"]
[SourceTitle "CBM 153 Extra"]
[Source "ChessBase"]
[SourceDate "2013.04.22"]
[SourceVersion "1"]
[SourceVersionDate "2013.04.22"]
[SourceQuality "1"]

1. e4 c5 2. Nf3 e6 3. d4 cxd4 4. Nxd4 a6 5. g3 Qc7 6. Bg2 Nf6 7. Nc3 Nc6 8. 0-0 h5 9. h3 h4 10. g4 Bc5 11. Nxc6 dxc6 12. Qd3 e5 13. Be3 Bxe3 14. Qxe3 Be6 15. Rfd1 Nd7 16. Rd2 0-0-0 17. Rad1 Nb6 18. Bf1 Rxd2 19. Qxd2 Rd8 20. Qxd8+ Qxd8 21. Rxd8+ Kxd8 22. b3 Ke7 23. Nd1 Kd6 24. Bd3 Kc5 25. c3 a5 26. Ne3 g6 27. Ng2 g5 28. Ne3 Kd6 29. Kf1 a4 30. Bc2 a3 31. Ke2 Nd7 32. f3 c5 33. Bb1 c4 34. Bc2 b5 35. bxc4 Bxc4+ 36. Kf2 Nb6 1-0

[Event "Baile Felix Cup 26th"]
[Site "Baile Felix"]
[Date "2011.05.23"]
[Round "6"]
[White "Vartopeanu, Nicolae"]
[Black "Kovacs, Klara"]
[Result "0-1"]
[WhiteElo "1939"]
[BlackElo "2159"]
[PlyCount "70"]
[EventDate "2011.05.20"]
[EventType "swiss"]
[EventRounds "7"]
[EventCountry "ROU"]
[SourceTitle "CBM 142 Extra"]
[Source "ChessBase"]
[SourceDate "2011.06.27"]
[SourceVersion "1"]
[SourceVersionDate "2011.06.27"]
[SourceQuality "1"]

1. e4 d6 2. d4 Nf6 3. Nc3 Nbd7 4. Be3 e5 5. d5 Be7 6. Be2 Nf8 7. h3 Bd7 8. Nf3 h6 9. a4 a5 10. Nd2 Ng6 11. 0-0 Nf4 12. Nb3 g5 13. Re1 Qc8 14. Bxf4 gxf4 15. Bb5 c6 16. dxc6 bxc6 17. Bf1 Rg8 18. Kh2 Nh7 19. Qh5 Ng5 20. Be2 Bf8 21. Rad1 Rg6 22. Rd3 Nh7 23. Bf1 Nf6 24. Qd1 h5 25. g3 Bh6 26. Rxd6 fxg3+ 27. fxg3 h4 28. g4 Bxg4 29. Qd3 Bf4+ 30. Kh1 Be6 31. Bg2 Rg3 32. Rxe6+ Qxe6 33. Qf1 Nh5 34. Nc5 Qe7 35. Nd3 Rxh3+ 0-1